Country by Constitution - Statistics

General Stats
  • This quiz has been taken 10 times
  • The average score is 13 of 15
Answer Stats
Text Country % Correct
"...to provide for the admission into the Commonwealth of other ____ Colonies and possessions of the Queen" Australia
100%
"...that Provision be made for the eventual Admission into the Union of other Parts of British North America" Canada
100%
"The ____ people solemnly proclaim their attachment to the Rights of Man and the principles of national sovereignty..." France
100%
"The basic characteristic of this revolution, which distinguishes it from other movements that have taken place in ___ during the past hundred years, is its ideological and Islamic nature" Iran
100%
"...by virtue of the mandate received from the whole body of citizens, in accordance with the teachings bequeathed by Dr. Sun Yat-sen" Republic of China
100%
"The ______________ is a socialist fatherland of Juche which embodies the idea of and guidance by the great leader Comrade ____." DPRK
89%
"...revering the memory of ancestors who have passed on to us their love for the Fatherland and faith in good and justice" Russia
89%
"We, the ____ People and Cantons, whereas, we are mindful of our responsibility towards creation; resolve to renew our alliance..." Switzerland
89%
"THE GREAT CHARTER OF THE LIBERTIES OF _____, AND OF THE LIBERTIES OF THE FOREST; CONFIRMED BY KING _____, IN THE TWENTY-FIFTH YEAR OF HIS REIGN." United Kingdom
89%
"We the People of ___________, in Order to form a more perfect Union..." United States
89%
"Blessed with a unique location and history, the Arab nation of ____ is the heart of the whole world. It is the meeting point of its civilizations and cultures..." Egypt
78%
"We the representatives of the ____ People, convened the National Constituent Assembly, to institute a democratic state..." Brazil
67%
"We, the ______ people, desire peace for all time and are deeply conscious of the high ideals controlling human relationship" Japan
67%
"In the Name of the Most Holy Trinity, from Whom is all authority and to Whom, as our final end, all actions both of men and States must be referred," Ireland
56%
"We, Captains Regent of the Republic of __________" San Marino
56%
No matching quizzes found
Score Distribution
Percent of People with Each Score
Percentile by Number Answered
Your Score History
You have not taken this quiz